000 004270000a22001690004500
041 0 _aENG
082 0 4 _aG 268.47 G668u
100 1 _aGorham, Donald R.
245 1 0 _aUnderstanding adults / Donald R. Gorham
260 _aPhiladelphia, PA., USA : Judson
300 _a157 Pag
001 7962
942 _cBK
999 _c38162
_d38162
336 _atexto
_btxt
_2rdacontent
337 _2rdamedia
_asin mediación
_bn
338 _2rdacarrier
_avolumen
_bnc